150 Digits of Pi Sprint - Statistics

General Stats
  • This quiz has been taken 161 times
  • The average score is 125 of 150
Answer Stats
Answer % Correct
1
100%
4
97%
3
88%
2
84%
5
84%
9
81%
0
78%
6
75%
7
75%
8
75%
No matching quizzes found
Score Distribution
Percent of People with Each Score
Percentile by Number Answered
Your Score History
You have not taken this quiz